Spoření na stáří se změní. Role finančních institucí bude klíčová

Rola finančných inštitúcií v rámci prípravy na vek dôchodku. Dôchodkový systém v Českej republike. Dlhodobé investície ako finančné rezervy. Banky a penzijné spoločnosti. Reverzná hypotéka.

Guardado en:
Detalles Bibliográficos
Autor principal: Sobková, Martina
Formato: Capítulo de libro
Lenguaje:checo
Materias:
Etiquetas: Agregar Etiqueta
Sin Etiquetas, Sea el primero en etiquetar este registro!

MARC

LEADER 00000naa a2200000 4500
001 0269321
005 20201020094002.4
041 0 |a cze 
044 |a CZ 
245 1 0 |a Spoření na stáří se změní. Role finančních institucí bude klíčová  |c Martina Sobková 
520 |a Rola finančných inštitúcií v rámci prípravy na vek dôchodku. Dôchodkový systém v Českej republike. Dlhodobé investície ako finančné rezervy. Banky a penzijné spoločnosti. Reverzná hypotéka. 
610 2 0 |a banky 
610 2 0 |a inštitúcie finančné 
610 2 0 |a systémy dôchodkové 
610 2 0 |a dôchodky 
610 2 0 |a gramotnosť finančná 
610 2 0 |a hypotéky reverzné 
610 2 0 |a sporenie dôchodkové 
610 2 0 |a Česko 
100 1 |a Sobková, Martina